[Event "Scarborough CC Spring into Summer"]
[Site "Toronto CAN"]
[Date "2018.06.28"]
[Round "5.3"]
[White "Noor Ali, Aahil"]
[Black "Xu, Jeffrey"]
[Result "0-1"]
[WhiteElo "2047"]
[BlackElo "2221"]
[PlyCount "90"]
[EventDate "2018.05.31"]
[EventType "swiss"]
[EventRounds "5"]
[EventCountry "CAN"]

1. d4 e6 2. c4 Nf6 3. Nc3 Bb4 4. e3 O-O 5. Nge2 d5 6. a3 Be7 7. cxd5 exd5 8.
Nf4 c6 9. Bd3 Na6 10. O-O c5 11. Bxa6 bxa6 12. dxc5 Bxc5 13. Ncxd5 Bb7 14.
Nxf6+ Qxf6 15. Qh5 Bd6 16. Rd1 Rad8 17. Bd2 Bxf4 18. exf4 Qc6 19. Qg4 Rd6 20.
Rac1 Qe4 21. Be1 Rg6 22. f3 Qe2 23. Qh3 Bxf3 24. Bg3 Rh6 25. Bh4 Bb7 26. Rf1
Rxh4 27. Rf2 Qxf2+ 28. Kxf2 Rxh3 29. gxh3 Rc8 30. Rd1 Kf8 31. Rd7 Rc2+ 32. Kg3
Rg2+ 33. Kh4 Rxb2 34. a4 Rb4 35. a5 Rxf4+ 36. Kg3 Rb4 37. h4 h5 38. Rc7 g6 39.
Rc3 Rb5 40. Kh3 Rxa5 41. Rb3 Rb5 42. Rc3 a5 43. Rd3 a4 44. Rd8+ Kg7 45. Rd3 Rb3
0-1

[Event "Scarborough CC Spring into Summer"]
[Site "Toronto CAN"]
[Date "2018.06.28"]
[Round "5.4"]
[White "Southam, David"]
[Black "Zhao, Jeffrey R"]
[Result "0-1"]
[WhiteElo "2196"]
[BlackElo "1833"]
[PlyCount "98"]
[EventDate "2018.05.31"]
[EventType "swiss"]
[EventRounds "5"]
[EventCountry "CAN"]

1. d4 Nf6 2. c4 g6 3. Nc3 Bg7 4. e4 d6 5. Nf3 O-O 6. Be2 e5 7. Be3 h6 8. dxe5
dxe5 9. O-O Be6 10. Qxd8 Rxd8 11. Nd5 Bxd5 12. exd5 Ng4 13. Bc5 Na6 14. Ba3 e4
15. Nd2 Nf6 16. Rad1 b6 17. Rfe1 Nc5 18. Bf1 Re8 19. Bxc5 bxc5 20. g3 Re7 21.
Re2 e3 22. fxe3 Ng4 23. Nb3 Nxe3 24. Nxc5 Nxd1 25. Rxe7 Bd4+ 26. Kg2 Bxc5 27.
Rxc7 Ne3+ 28. Kf2 Bb6 29. Rb7 Nxc4+ 30. Ke2 Nxb2 31. d6 Rd8 32. Kd2 Rxd6+ 33.
Kc2 Na4 34. Bc4 Rc6 35. Rb8+ Kg7 36. Kb3 Nc5+ 37. Kb4 f5 38. a4 Ne4 39. Bd5 Rd6
40. Rb7+ Kf6 41. Bc4 Bg1 42. a5 Bxh2 43. Rxa7 Bxg3 44. a6 Bf2 45. Rf7+ Kg5 46.
a7 Bxa7 47. Rxa7 f4 48. Ra5+ Kg4 49. Bd5 Rxd5 0-1

[Event "Scarborough CC Spring into Summer"]
[Site "Toronto CAN"]
[Date "2018.06.28"]
[Round "5.5"]
[White "De Costa, Alex"]
[Black "Huang, Youhe"]
[Result "1/2-1/2"]
[WhiteElo "1819"]
[BlackElo "1950"]
[PlyCount "48"]
[EventDate "2018.05.31"]
[EventType "swiss"]
[EventRounds "5"]
[EventCountry "CAN"]

1. e4 c5 2. Nf3 d6 3. d4 cxd4 4. Nxd4 Nf6 5. Nc3 a6 6. Bc4 e6 7. O-O b5 8. Bb3
b4 9. Na4 Nxe4 10. Qf3 d5 11. c4 bxc3 12. Nxc3 Nc5 13. Bc2 Bb7 14. Re1 Nc6 15.
Nxc6 Bxc6 16. Bf4 Rc8 17. Qg3 Qb6 18. Rab1 Nd7 19. Bd3 h6 20. Re2 Qd4 21. Rd1
Qf6 22. Bxa6 Ra8 23. Bd3 g5 24. Bd6 Rd8 1/2-1/2

[Event "Scarborough CC Winter Swiss"]
[Site "Toronto CAN"]
[Date "2018.02.22"]
[Round "1.1"]
[White "Southam, David"]
[Black "Noor Ali, Aahil"]
[Result "1/2-1/2"]
[WhiteElo "2181"]
[BlackElo "1972"]
[PlyCount "94"]
[EventDate "2018.02.22"]
[EventType "swiss"]
[EventRounds "6"]
[EventCountry "CAN"]

1. d4 Nf6 2. e3 b6 3. Nf3 Bb7 4. Bd3 d5 5. O-O Nbd7 6. b3 e6 7. Bb2 Bd6 8. Ne5
Bxe5 9. dxe5 Ng8 10. Qg4 g6 11. Nd2 h5 12. Qd1 Nh6 13. f4 Nc5 14. Nf3 Nxd3 15.
cxd3 Nf5 16. Qe2 c5 17. e4 Ne7 18. Ng5 Nc6 19. Rfd1 d4 20. Rdc1 Nxe5 21. Nxe6
fxe6 22. fxe5 Qg5 23. b4 Rc8 24. bxc5 bxc5 25. Ba3 Qxe5 26. Rab1 Ba6 27. Rc2
O-O 28. Rbc1 Rf7 29. Rxc5 Rxc5 30. Rxc5 Qf4 31. Bc1 Bxd3 32. Bxf4 Bxe2 33. Rc8+
Kh7 34. Rc7 Rxc7 35. Bxc7 Kg8 36. Kf2 d3 37. Bb8 a5 38. a4 Bd1 39. Ke3 Bxa4 40.
Bc7 Bb5 41. Bxa5 Kf7 42. Kf4 Bc6 43. Ke5 Bb5 44. g3 Ke7 45. Bb4+ Kf7 46. h4 Ba4
47. Bd2 Bd1 1/2-1/2

[Event "Scarborough CC Winter Swiss"]
[Site "Toronto CAN"]
[Date "2018.02.22"]
[Round "1.2"]
[White "Ghazarian, Tigran"]
[Black "Lei, Sean"]
[Result "1-0"]
[WhiteElo "1812"]
[BlackElo "2120"]
[PlyCount "120"]
[EventDate "2018.02.22"]
[EventType "swiss"]
[EventRounds "6"]
[EventCountry "CAN"]

1. e4 d6 2. d4 Nf6 3. Nc3 Nbd7 4. Nf3 e5 5. Be3 Be7 6. Qd2 c6 7. h3 a6 8. a4 b6
9. Bd3 Bb7 10. O-O Qc7 11. Ne2 c5 12. dxe5 dxe5 13. Ng3 c4 14. Nf5 cxd3 15.
Nxg7+ Kd8 16. cxd3 Rc8 17. Ng5 Bf8 18. N7e6+ fxe6 19. Nxe6+ Ke7 20. Nxc7 Rxc7
21. Bxb6 Nxb6 22. Qb4+ Kd8 23. Qxb6 Nd7 24. Qe3 Bc5 25. Qd2 Rg8 26. b4 Bd4 27.
Rac1 Rf8 28. Qg5+ Kc8 29. Qh6 Rf7 30. Rxc7+ Kxc7 31. Rc1+ Kd8 32. Qg5+ Ke8 33.
Rc2 Nf8 34. Qh5 Ne6 35. g3 Ke7 36. Kg2 Rg7 37. Qh4+ Kd6 38. Kf1 Bc6 39. b5 axb5
40. axb5 Bxb5 41. Rd2 Rf7 42. Qh5 Be8 43. Qd1 Nc5 44. Qb1 Rb7 45. Qa2 Bf7 46.
Qa8 Be6 47. Kg2 Rf7 48. Qd8+ Bd7 49. Ra2 Ke6 50. Rd2 Bc6 51. Qc8+ Kd6 52. Qb8+
Ke6 53. Qb6 Kd6 54. Qd8+ Bd7 55. Ra2 Ke6 56. Rd2 Bc6 57. f3 Rd7 58. Qg8+ Kd6
59. Qb8+ Ke6 60. f4 Nxd3 1-0

[Event "Scarborough CC Winter Swiss"]
[Site "Toronto CAN"]
[Date "2018.02.22"]
[Round "1.3"]
[White "Issani, Nameer"]
[Black "Zhao, Jonathan"]
[Result "1-0"]
[WhiteElo "2115"]
[BlackElo "1811"]
[PlyCount "69"]
[EventDate "2018.02.22"]
[EventType "swiss"]
[EventRounds "6"]
[EventCountry "CAN"]

1. d4 d5 2. c4 c6 3. Nc3 Nf6 4. e3 e6 5. Nf3 Bd6 6. Qc2 Nbd7 7. b3 O-O 8. Bd3
a6 9. O-O e5 10. cxd5 cxd5 11. dxe5 Nxe5 12. Be2 Bg4 13. Nd4 Rc8 14. f3 Bh5 15.
Bb2 Bg6 16. Qd2 Nc6 17. Nxc6 Rxc6 18. Rad1 Qc7 19. Nxd5 Nxd5 20. Qxd5 Bxh2+ 21.
Kh1 Rd6 22. Qc4 Rxd1 23. Rxd1 Qxc4 24. Bxc4 b5 25. Bd5 Bc7 26. Rc1 Bb6 27. e4
Rb8 28. Rc6 h6 29. Rxg6 Kf8 30. Rc6 Bf2 31. Rc7 f6 32. Rf7+ Ke8 33. Rxg7 Rb6
34. Rb7 Rd6 35. Ba3 1-0

[Event "Scarborough CC Winter Swiss"]
[Site "Toronto CAN"]
[Date "2018.03.01"]
[Round "2.1"]
[White "Ning, Eric"]
[Black "Issani, Nameer"]
[Result "0-1"]
[WhiteElo "2094"]
[BlackElo "2115"]
[PlyCount "116"]
[EventDate "2018.02.22"]
[EventType "swiss"]
[EventRounds "6"]
[EventCountry "CAN"]

1. d4 Nf6 2. c4 e6 3. Nf3 Bb4+ 4. Nbd2 O-O 5. e3 d6 6. Bd3 Nbd7 7. a3 Bxd2+ 8.
Bxd2 Qe7 9. Qc2 e5 10. dxe5 dxe5 11. Ng5 h6 12. Ne4 b6 13. f3 Bb7 14. Bb4 c5
15. Bc3 Rad8 16. O-O-O a6 17. h4 Bxe4 18. Bxe4 b5 19. g4 b4 20. Bd2 Nb6 21. g5
Nxe4 22. Qxe4 bxa3 23. b3 a2 24. Kb2 f5 25. Qc2 h5 26. Bc3 Rb8 27. Kxa2 a5 28.
f4 exf4 29. exf4 a4 30. Be5 axb3+ 31. Qxb3 Qa7+ 32. Kb1 Na4 33. Bxb8 Rxb8 34.
Kc2 Rxb3 35. Kxb3 Qb6+ 36. Kc2 Qb2+ 37. Kd3 Qc3+ 38. Ke2 Qxc4+ 39. Kf3 Qe4+ 40.
Kg3 Qe3+ 41. Kg2 Qe2+ 42. Kh3 Qg4+ 43. Kh2 Qxh4+ 44. Kg2 Qg4+ 45. Kh2 Qxf4+ 46.
Kh3 Qg4+ 47. Kh2 Qh4+ 48. Kg2 Qxg5+ 49. Kh2 Nc3 50. Rd3 Ne4 51. Rf1 c4 52. Rh3
c3 53. Rg1 Qxg1+ 54. Kxg1 c2 55. Rxh5 c1=Q+ 56. Kg2 Qd2+ 57. Kh1 Qd1+ 58. Kg2
Qxh5 0-1

[Event "Scarborough CC Winter Swiss"]
[Site "Toronto CAN"]
[Date "2018.03.01"]
[Round "2.2"]
[White "Picana, Andrew"]
[Black "Ghazarian, Tigran"]
[Result "1/2-1/2"]
[WhiteElo "2102"]
[BlackElo "1812"]
[PlyCount "82"]
[EventDate "2018.02.22"]
[EventType "swiss"]
[EventRounds "6"]
[EventCountry "CAN"]

1. f4 g6 2. Nf3 Bg7 3. d3 c5 4. Nc3 Nc6 5. g3 d6 6. Bg2 Nf6 7. O-O O-O 8. Bd2
Qc7 9. Rb1 Rb8 10. a3 b5 11. e3 a5 12. h3 h5 13. Kh2 d5 14. Nh4 Rd8 15. e4 e6
16. exd5 exd5 17. f5 Ne7 18. Bf4 Qb7 19. fxg6 fxg6 20. Bxb8 Qxb8 21. Qd2 Nf5
22. Nxf5 Bxf5 23. Qf4 Qb6 24. Rbe1 d4 25. Ne4 Nd5 26. Qf3 Ne3 27. Rf2 Rf8 28.
Qe2 Be5 29. h4 Ng4+ 30. Kg1 Nxf2 31. Nxf2 Bxg3 32. Bd5+ Kh8 33. Qe7 Qb8 34. Re2
Bd6 35. Qg5 Bf4 36. Qe7 Be3 37. Rxe3 dxe3 38. Qxe3 Kh7 39. Qe7+ Kh8 40. Qe3 Kh7
41. Qe7+ Kh8 1/2-1/2

[Event "Scarborough CC Winter Swiss"]
[Site "Toronto CAN"]
[Date "2018.03.01"]
[Round "2.3"]
[White "Manalo, Pepin"]
[Black "Southam, David"]
[Result "1/2-1/2"]
[WhiteElo "1876"]
[BlackElo "2181"]
[PlyCount "110"]
[EventDate "2018.02.22"]
[EventType "swiss"]
[EventRounds "6"]
[EventCountry "CAN"]

1. d4 e6 2. Nf3 f5 3. e3 Nf6 4. Bd3 b6 5. b3 Bb7 6. Bb2 Be7 7. Nbd2 O-O 8. Qe2
Ne4 9. Rg1 Bb4 10. a3 Bd6 11. Ne5 Nxd2 12. Qxd2 Be7 13. O-O-O Bf6 14. f4 d6 15.
Nf3 Qe7 16. Qe2 Be4 17. g4 g6 18. g5 Bg7 19. h4 Nd7 20. Bxe4 fxe4 21. Nd2 d5
22. h5 Rfc8 23. Rg2 c5 24. hxg6 hxg6 25. Kb1 cxd4 26. exd4 Rf8 27. Qg4 Qd6 28.
Rf1 Rf5 29. Qg3 b5 30. Ka2 a5 31. Rh2 Rc8 32. Nb1 Rcf8 33. Rh4 Rc8 34. Qh2 Kf7
35. Rh7 Nf8 36. Rh4 Qb6 37. Qd2 Qc7 38. Rc1 a4 39. Nc3 Qc6 40. Ne2 Ke8 41. Bc3
Rf7 42. Bb4 Rfc7 43. Bc5 Kf7 44. b4 Rb7 45. Rch1 Rbb8 46. Ng3 Nd7 47. Nf1 Rh8
48. Rh7 Rxh7 49. Rxh7 Rh8 50. Rxh8 Bxh8 51. Qh2 Bg7 52. c3 Qc8 53. Ne3 Qh8 54.
Qe2 Qb8 55. Qh2 Qh8 1/2-1/2

[Event "Scarborough CC Winter Swiss"]
[Site "Toronto CAN"]
[Date "2018.03.01"]
[Round "2.4"]
[White "Noor Ali, Aahil"]
[Black "Uthayakumar, Ronan"]
[Result "1-0"]
[WhiteElo "1972"]
[BlackElo "1822"]
[PlyCount "141"]
[EventDate "2018.02.22"]
[EventType "swiss"]
[EventRounds "6"]
[EventCountry "CAN"]

1. d4 d5 2. c4 e6 3. Nc3 c6 4. e3 Nf6 5. Bd3 dxc4 6. Bxc4 Bd6 7. e4 Bc7 8. Bg5
e5 9. Qb3 O-O 10. O-O-O exd4 11. Nf3 Nbd7 12. Nxd4 Be5 13. Nf3 Qc7 14. Nxe5
Nxe5 15. Bxf6 Nxc4 16. Qxc4 Qf4+ 17. Kb1 Qxf6 18. Qd4 Qg6 19. f4 f5 20. e5 Be6
21. g3 Rf7 22. Qb4 a5 23. Qb6 a4 24. Rd8+ Rxd8 25. Qxd8+ Rf8 26. Qb6 Qf7 27.
Rd1 h6 28. Rd8 Rxd8 29. Qxd8+ Kh7 30. Qb6 Qd7 31. Kc2 Bc4 32. Qe3 b5 33. Qd2
Qa7 34. b3 axb3+ 35. axb3 Be6 36. Kb2 Qa5 37. Qd6 b4 38. Qxe6 bxc3+ 39. Kc2
Qa2+ 40. Kxc3 Qa1+ 41. Kb4 Qd4+ 42. Qc4 Qb6+ 43. Ka3 Qa5+ 44. Kb2 Qd2+ 45. Qc2
Qd4+ 46. Kc1 Qa1+ 47. Kd2 Qd4+ 48. Ke2 Qd7 49. Qd3 Qf7 50. g4 g6 51. Qc4 Qa7
52. gxf5 gxf5 53. b4 Qg7 54. Qxc6 Qg4+ 55. Qf3 Qg8 56. Kf2 Qa2+ 57. Kg3 Qg8+
58. Kh3 Qe8 59. Qe2 Qa4 60. Qd3 Qxb4 61. Qxf5+ Kh8 62. Qf6+ Kh7 63. Kg4 Qe1 64.
Qf7+ Kh8 65. Kh5 Qe2+ 66. Kxh6 Qxh2+ 67. Kg5 Qg3+ 68. Kf5 Qd3+ 69. Kf6 Qa6+ 70.
Qe6 Qa7 71. Qe8+ 1-0

[Event "Scarborough CC Winter Swiss"]
[Site "Toronto CAN"]
[Date "2018.03.01"]
[Round "2.5"]
[White "Tavana, Joseph"]
[Black "Hay, Jonathan"]
[Result "0-1"]
[WhiteElo "1804"]
[BlackElo "1944"]
[PlyCount "56"]
[EventDate "2018.02.22"]
[EventType "swiss"]
[EventRounds "6"]
[EventCountry "CAN"]

1. Nf3 d5 2. d4 Nf6 3. e3 Bf5 4. c4 c6 5. Nc3 e6 6. a3 Nbd7 7. cxd5 exd5 8. Be2
Bd6 9. Nh4 Be6 10. h3 Ne4 11. Nf3 f5 12. h4 O-O 13. Nxe4 fxe4 14. Ng5 Qf6 15.
Nxe6 Qxe6 16. Bg4 Qf6 17. Qe2 Rf7 18. Bd2 Nb6 19. Bb4 Bxb4+ 20. axb4 a6 21. g3
Raf8 22. O-O Kh8 23. b3 g5 24. hxg5 Qxg5 25. Ra2 Rf3 26. Bxf3 exf3 27. Rd1 fxe2
28. Rxe2 Qe7 0-1

[Event "Scarborough CC Winter Swiss"]
[Site "Toronto CAN"]
[Date "2018.03.08"]
[Round "3.1"]
[White "Issani, Nameer"]
[Black "Palacios, Bobby"]
[Result "1-0"]
[WhiteElo "2115"]
[BlackElo "2046"]
[PlyCount "99"]
[EventDate "2018.02.22"]
[EventType "swiss"]
[EventRounds "6"]
[EventCountry "CAN"]

1. d4 d5 2. c4 dxc4 3. e3 Nf6 4. Bxc4 e6 5. Nc3 c5 6. Nf3 a6 7. a4 Nc6 8. O-O
cxd4 9. exd4 Be7 10. Bf4 O-O 11. Re1 Nd5 12. Bxd5 exd5 13. Qb3 Nb4 14. Bg3 Bf5
15. Re2 Bd3 16. Rxe7 Qxe7 17. Re1 Be4 18. Nd2 Nc6 19. f3 Nxd4 20. Qb6 Nc2 21.
Re2 Qb4 22. Qxb4 Nxb4 23. fxe4 dxe4 24. Bd6 Nc6 25. Bxf8 Kxf8 26. Ndxe4 Rd8 27.
Rd2 Rxd2 28. Nxd2 Ke7 29. Kf2 Ke6 30. Ke3 Ne5 31. h3 f5 32. b3 g5 33. Nc4 Ng6
34. g3 h5 35. Na5 f4+ 36. gxf4 Nxf4 37. Nxb7 Nxh3 38. Nc5+ Kd6 39. Nxa6 g4 40.
Ne4+ Kc6 41. b4 h4 42. b5+ Kb6 43. Nb4 g3 44. Nd5+ Kb7 45. Kf3 Ng1+ 46. Kg2 Ne2
47. Nc5+ Kb8 48. a5 Nd4 49. b6 Nf5 50. a6 1-0

[Event "Scarborough CC Winter Swiss"]
[Site "Toronto CAN"]
[Date "2018.03.08"]
[Round "3.2"]
[White "Ghazarian, Tigran"]
[Black "Noor Ali, Aahil"]
[Result "0-1"]
[WhiteElo "1812"]
[BlackElo "1972"]
[PlyCount "78"]
[EventDate "2018.02.22"]
[EventType "swiss"]
[EventRounds "6"]
[EventCountry "CAN"]

1. e4 e5 2. Nf3 Nc6 3. d4 exd4 4. Nxd4 Bc5 5. Nb3 Bb6 6. Nc3 d6 7. Qe2 Be6 8.
Be3 Nf6 9. O-O-O Bxe3+ 10. Qxe3 Ng4 11. Qe2 Qg5+ 12. Kb1 O-O-O 13. g3 Qf6 14.
f4 Rhe8 15. f5 Bxf5 16. Bh3 h5 17. Rhf1 Qe6 18. Rxf5 Qxf5 19. exf5 Rxe2 20.
Bxg4 Rxh2 21. Bf3 Ne5 22. Be4 c6 23. Re1 f6 24. Rh1 Rxh1+ 25. Bxh1 Re8 26. Nd4
Nf7 27. Ne6 Ng5 28. Ne4 Kd7 29. N4xg5 fxg5 30. c3 g6 31. Nxg5 Re1+ 32. Kc2 Rxh1
33. fxg6 Re1 34. Nh3 Ke7 35. Nf4 Kf6 36. Kd2 Re4 37. Nxh5+ Kxg6 38. Nf4+ Kf5
39. Kd3 Re1 0-1

[Event "Scarborough CC Winter Swiss"]
[Site "Toronto CAN"]
[Date "2018.03.08"]
[Round "3.3"]
[White "Hay, Jonathan"]
[Black "Lei, Sean"]
[Result "0-1"]
[WhiteElo "1944"]
[BlackElo "2120"]
[PlyCount "30"]
[EventDate "2018.02.22"]
[EventType "swiss"]
[EventRounds "6"]
[EventCountry "CAN"]

1. d4 Nf6 2. Bf4 d6 3. Nc3 Nbd7 4. Nf3 c5 5. e3 g6 6. Bd3 Bg7 7. O-O O-O 8. Qc1
a6 9. a4 b6 10. Nb1 Bb7 11. c3 e5 12. dxe5 dxe5 13. Bxe5 Nxe5 14. Nxe5 Qd5 15.
Nf3 Qxd3 0-1

[Event "Scarborough CC Winter Swiss"]
[Site "Toronto CAN"]
[Date "2018.03.08"]
[Round "3.4"]
[White "Southam, David"]
[Black "Picana, Andrew"]
[Result "1-0"]
[WhiteElo "2181"]
[BlackElo "2102"]
[PlyCount "129"]
[EventDate "2018.02.22"]
[EventType "swiss"]
[EventRounds "6"]
[EventCountry "CAN"]

1. d4 e6 2. c4 f5 3. g3 Nf6 4. Bg2 d5 5. Nf3 Bd6 6. O-O O-O 7. b3 c6 8. Ba3
Bxa3 9. Nxa3 Qe7 10. Nc2 Ne4 11. e3 Nd7 12. Nce1 a5 13. Nd3 g5 14. Qc2 Kh8 15.
Nfe5 Qg7 16. a3 Nxe5 17. Nxe5 Bd7 18. b4 Be8 19. Rab1 axb4 20. axb4 Nd6 21. Ra1
Bg6 22. f4 gxf4 23. gxf4 Rae8 24. Kh1 Re7 25. Rg1 Qf6 26. Bf3 Rg8 27. Rg3 Be8
28. Rag1 Reg7 29. c5 Rxg3 30. Rxg3 Rxg3 31. hxg3 Nb5 32. Be2 Qg7 33. Bxb5 Qxg3
34. Be2 Qh3+ 35. Kg1 Qxe3+ 36. Kg2 Qxf4 37. Qd3 Qg5+ 38. Kf1 Qc1+ 39. Kf2 Qf4+
40. Nf3 e5 41. dxe5 Qxb4 42. Qd4 Qa3 43. Qe3 Qb4 44. e6 Kg8 45. Qg5+ Bg6 46.
Qe3 Kf8 47. Qd4 Qa3 48. Ne5 Ke7 49. Nd3 Kxe6 50. Qg7 Bf7 51. Nf4+ Ke7 52. Qe5+
Kf8 53. Nd3 Qa7 54. Qxf5 Kg7 55. Qe5+ Kf8 56. Qd4 Bg6 57. Ne5 Be8 58. Qf4+ Ke7
59. Qg5+ Kf8 60. Qf6+ Kg8 61. Qe7 Qb8 62. Bg4 h5 63. Be6+ Kh8 64. Qf8+ Kh7 65.
Bf5+ 1-0

[Event "Scarborough CC Winter Swiss"]
[Site "Toronto CAN"]
[Date "2018.03.08"]
[Round "3.5"]
[White "Zhao, Jonathan"]
[Black "Manalo, Pepin"]
[Result "1/2-1/2"]
[WhiteElo "1811"]
[BlackElo "1876"]
[PlyCount "118"]
[EventDate "2018.02.22"]
[EventType "swiss"]
[EventRounds "6"]
[EventCountry "CAN"]

1. d4 f5 2. e4 e6 3. Nc3 Bb4 4. Bd3 d5 5. exd5 Qxd5 6. Nf3 Nf6 7. Bd2 Bxc3 8.
Bxc3 Nc6 9. Qe2 O-O 10. Bc4 Qe4 11. Qxe4 Nxe4 12. O-O Nxc3 13. bxc3 h6 14. Rfe1
Nd8 15. Ne5 c6 16. Re2 Kh7 17. f4 b5 18. Bb3 a6 19. Kf2 Ra7 20. Rae1 Rc7 21.
Nd3 Re8 22. Nc5 Rce7 23. a4 Kg6 24. g3 Kf6 25. Re3 g5 26. Rg1 Rg8 27. Ree1 Rh7
28. Rg2 g4 29. Rgg1 h5 30. Re3 h4 31. Ree1 Rgh8 32. Rg2 hxg3+ 33. hxg3 Rh1 34.
Rxh1 Rxh1 35. Rg1 Rh2+ 36. Rg2 Rh3 37. Rg1 a5 38. Kg2 Rh7 39. Rh1 Rxh1 40. Kxh1
Nf7 41. Kg2 Nd6 42. Kh2 Ne8 43. c4 b4 44. Kg2 Nc7 45. Kf2 Ke7 46. Ke3 Bd7 47.
Nb7 Na6 48. Nxa5 c5 49. Nb7 cxd4+ 50. Kxd4 Bc6 51. Nc5 Nb8 52. Nd3 Nd7 53. Ne5
Nb8 54. Nxc6+ Nxc6+ 55. Kd3 Kd6 56. c5+ Kd7 57. Ke3 Na5 58. Kd3 Nc6 59. Bc4 e5
1/2-1/2

[Event "Scarborough CC Winter Swiss"]
[Site "Toronto CAN"]
[Date "2018.03.15"]
[Round "4.1"]
[White "Hay, Jonathan"]
[Black "Southam, David"]
[Result "1-0"]
[WhiteElo "2181"]
[BlackElo "1944"]
[PlyCount "87"]
[EventDate "2018.02.22"]
[EventType "swiss"]
[EventRounds "6"]
[EventCountry "CAN"]

1. d4 c5 2. c3 cxd4 3. cxd4 d5 4. Nc3 Nf6 5. Bf4 Nc6 6. e3 Bf5 7. Qb3 Na5 8.
Qa4+ Bd7 9. Bb5 Nc6 10. Nf3 a6 11. Bxc6 Bxc6 12. Qb3 Nh5 13. Bg5 h6 14. Bh4 g5
15. Bg3 Nxg3 16. hxg3 Bg7 17. O-O Qd6 18. Na4 O-O 19. Rfc1 Bf6 20. Nc5 Rab8 21.
Qb6 Bb5 22. Qxd6 exd6 23. Nb3 Rfc8 24. Rxc8+ Rxc8 25. Rc1 Rc6 26. Nfd2 Bd8 27.
Nb1 Bc4 28. Rc3 Bxb3 29. axb3 Ba5 30. Rxc6 bxc6 31. Nc3 f5 32. Kf1 Kf7 33. Ke2
Ke6 34. Kf3 h5 35. Ke2 Kd7 36. Na2 c5 37. Nc3 Bxc3 38. bxc3 Kc6 39. Kd3 Kb5 40.
Kc2 g4 41. Kb2 a5 42. Ka3 Kb6 43. Ka4 Ka6 44. c4 1-0

[Event "Scarborough CC Winter Swiss"]
[Site "Toronto CAN"]
[Date "2018.03.15"]
[Round "4.2"]
[White "Xu, Jeffrey"]
[Black "Ning, Eric"]
[Result "0-1"]
[WhiteElo "2104"]
[BlackElo "2094"]
[PlyCount "92"]
[EventDate "2018.02.22"]
[EventType "swiss"]
[EventRounds "6"]
[EventCountry "CAN"]

1. e4 c5 2. Nf3 Nc6 3. Bb5 g6 4. Nc3 Bg7 5. Bxc6 bxc6 6. O-O e5 7. d3 Ne7 8.
Be3 d6 9. a3 a5 10. Qd2 O-O 11. Bh6 f5 12. Bxg7 Kxg7 13. Nd1 Ba6 14. Re1 Qb6
15. c3 Rad8 16. d4 f4 17. dxe5 dxe5 18. Qc1 Qc7 19. c4 Nc8 20. Qc3 Rd4 21. b3
Nd6 22. Qc2 Nf7 23. Nb2 Rfd8 24. Rad1 g5 25. Nxd4 cxd4 26. Nd3 Qd6 27. b4 g4
28. Nc5 Bc8 29. Rd3 h5 30. Rb1 Ng5 31. Rdb3 h4 32. Nd3 a4 33. R3b2 Nxe4 34. Re1
Bf5 35. Nc5 d3 36. Qd1 Nxc5 37. bxc5 Qxc5 38. Qd2 Kf6 39. g3 hxg3 40. hxg3 Qd4
41. gxf4 exf4 42. c5 g3 43. Rf1 Rg8 44. Rb4 gxf2+ 45. Kh2 Rh8+ 46. Kg2 Be4# 0-1

[Event "Scarborough CC Winter Swiss"]
[Site "Toronto CAN"]
[Date "2018.03.15"]
[Round "4.3"]
[White "Palacios, Bobby"]
[Black "Zhao, Jonathan"]
[Result "1-0"]
[WhiteElo "2046"]
[BlackElo "1811"]
[PlyCount "60"]
[EventDate "2018.02.22"]
[EventType "swiss"]
[EventRounds "6"]
[EventCountry "CAN"]

1. d4 d5 2. c4 c6 3. Nf3 Nf6 4. cxd5 cxd5 5. Nc3 Nc6 6. Bf4 Bf5 7. e3 e6 8. Bb5
a6 9. Bxc6+ bxc6 10. O-O Bd6 11. Ne5 Rc8 12. Qa4 Qb6 13. Nxc6 Qxc6 14. Bxd6
Qxa4 15. Nxa4 Ne4 16. Ba3 Rc6 17. Rac1 Kd7 18. f3 Nd2 19. Rxc6 Kxc6 20. Rc1+
Kb7 21. Nc5+ Kb6 22. b3 Rc8 23. Kf2 Kb5 24. Ke2 Nb1 25. Bb2 e5 26. a4+ Kb6 27.
dxe5 a5 28. Bd4 Na3 29. Ne6+ Kb7 30. Rxc8 Kxc8 1-0

[Event "Scarborough CC Winter Swiss"]
[Site "Toronto CAN"]
[Date "2018.03.15"]
[Round "4.4"]
[White "Manalo, Pepin"]
[Black "Ghazarian, Tigran"]
[Result "1-0"]
[WhiteElo "1876"]
[BlackElo "1812"]
[PlyCount "62"]
[EventDate "2018.02.22"]
[EventType "swiss"]
[EventRounds "6"]
[EventCountry "CAN"]

1. e4 c5 2. Nf3 Nc6 3. Bc4 e6 4. O-O d5 5. exd5 exd5 6. Re1+ Be7 7. Bb5 Nf6 8.
Bxc6+ bxc6 9. Qe2 h6 10. d3 Be6 11. Nc3 O-O 12. b3 Re8 13. Bb2 Bd6 14. Qd2 Qc7
15. h3 Rad8 16. Na4 Nd7 17. Re2 Nb6 18. Qa5 Nxa4 19. Qxa4 Rb8 20. Qh4 c4 21. d4
Qa5 22. Re3 Qc7 23. Rae1 cxb3 24. axb3 c5 25. dxc5 Qxc5 26. Nd4 Be7 27. Qg3 Bf8
28. Nxe6 fxe6 29. Qg6 Rbc8 30. Rc3 Qb4 31. Rce3 Rxc2 1-0

[Event "Scarborough CC Winter Swiss"]
[Site "Toronto CAN"]
[Date "2018.03.15"]
[Round "4.5"]
[White "Uthayakumar, Ronan"]
[Black "Picana, Andrew"]
[Result "0-1"]
[WhiteElo "1822"]
[BlackElo "2102"]
[PlyCount "118"]
[EventDate "2018.02.22"]
[EventType "swiss"]
[EventRounds "6"]
[EventCountry "CAN"]

1. e4 e6 2. d4 d5 3. Nc3 Bb4 4. e5 Ne7 5. a3 Bxc3+ 6. bxc3 c5 7. h4 Nbc6 8. Nf3
Qa5 9. Bd2 c4 10. h5 h6 11. Rh4 Bd7 12. g3 O-O-O 13. Bh3 Rdg8 14. Rf4 Nd8 15.
Nh2 Rf8 16. Ng4 Nf5 17. Ne3 g6 18. Bxf5 gxf5 19. g4 f6 20. gxf5 fxe5 21. dxe5
exf5 22. Qf3 Ne6 23. Rxf5 Rxf5 24. Nxf5 Kb8 25. Bxh6 d4 26. Rb1 Qxc3+ 27. Qxc3
dxc3 28. Nd6 Bc6 29. Be3 Rxh5 30. Ke2 Rxe5 31. Nxc4 Nf4+ 32. Kf1 Re4 33. Bxf4+
Rxf4 34. Ne5 Ba4 35. Rc1 Rd4 36. Nd3 Bb5 37. Ke2 Re4+ 38. Kf3 Ra4 39. Ra1 Kc7
40. Ke3 Kd6 41. f4 Bc6 42. Nb4 Bb5 43. Rd1+ Ke6 44. f5+ Kf7 45. Kf4 a5 46. Kg5
axb4 47. axb4 Rxb4 48. Rh1 Bc6 49. Rh7+ Kg8 50. Rc7 Rb5 51. Kg6 Kf8 52. Rf7+
Ke8 53. f6 Rg5+ 54. Kxg5 Kxf7 55. Kf5 Ba4 56. Ke4 Bxc2+ 57. Kd4 Be4 58. Kxc3
Kxf6 59. Kb4 Bc6 0-1

[Event "Scarborough CC Winter Swiss"]
[Site "Toronto CAN"]
[Date "2018.03.22"]
[Round "5.1"]
[White "Noor Ali, Aahil"]
[Black "Issani, Nameer"]
[Result "0-1"]
[WhiteElo "1972"]
[BlackElo "2115"]
[PlyCount "137"]
[EventDate "2018.02.22"]
[EventType "swiss"]
[EventRounds "6"]
[EventCountry "CAN"]

1. d4 Nf6 2. c4 e6 3. Nc3 Bb4 4. e3 O-O 5. Nge2 c6 6. a3 Ba5 7. g3 d5 8. c5
Nbd7 9. Bg2 Bc7 10. O-O b6 11. b4 a5 12. Bd2 Ba6 13. Re1 Qe7 14. e4 axb4 15.
axb4 dxe4 16. Nxe4 Nd5 17. Nf4 bxc5 18. Nxc5 Bc4 19. Nxd5 cxd5 20. Nxd7 Qxd7
21. Bf1 Bb6 22. Bxc4 dxc4 23. Bc3 Rad8 24. Qe2 Qd5 25. Rac1 Rc8 26. Qe5 Rfd8
27. Re4 h6 28. Kf1 Bc7 29. Qxd5 exd5 30. Re2 Ra8 31. Rb2 Rdb8 32. Ke2 Rb5 33.
Rcc2 Bd6 34. Ra2 Rab8 35. Ra5 Kf8 36. Rxb5 Rxb5 37. Rb2 Rb6 38. b5 Ke7 39. Kd1
Kd7 40. Kc2 Rb8 41. Ba5 Bc7 42. Bxc7 Kxc7 43. Kc3 Ra8 44. b6+ Kc6 45. b7 Rb8
46. Ra2 Rxb7 47. Ra6+ Rb6 48. Ra7 Rb3+ 49. Kd2 Rd3+ 50. Ke2 Rxd4 51. Rxf7 c3
52. Rf8 Rc4 53. Kd3 Kd6 54. Kc2 Ke6 55. Re8+ Kf5 56. f3 d4 57. Re4 d3+ 58. Kxd3
Rxe4 59. fxe4+ Ke5 60. Kxc3 Kxe4 61. Kd2 Kf3 62. Kd3 g5 63. Kd4 g4 64. Ke5 Kg2
65. Kf4 h5 66. Kg5 Kxh2 67. Kh4 Kg2 68. Kxh5 Kxg3 69. Kg5 0-1